AFL Statistical Leaders 2025 Season - Statistics

General Stats
  • This quiz has been taken 48 times
    40 since last reset
  • The average score is 18 of 20
Answer Stats
Stat Avg Team Answer % Correct
AFL Fantasy Points 114.7 Geelong Bailey Smith
100%
Hitouts 43.3 Gold Coast Jarrod Witts
100%
Goals 3.5 Geelong Jeremy Cameron
100%
Score Involvments 9.1 Bulldogs Marcus Bontempelli
100%
Clearances 8.5 GWS Tom Green
100%
Uncontested Possesions 20.2 North Melbourne Harry Sheezel
97%
Kicks 22.3 St Kilda Nasiah Wanganeen-Milera
97%
Spoils 7.4 Brisbane Harris Andrews
94%
Pressure Acts 29 Gold Coast Matt Rowell
94%
Intercept Marks 3.6 GWS Sam Taylor
94%
Marks 8.4 St Kilda Callum Wilkie
92%
Contested Marks 3.1 Bulldogs Sam Darcy
89%
Free Kicks For 2.4 Melbourne Max Gawn
86%
Tackles 9 Geelong Tom Atkins
86%
Clangers 6.3 West Coast Harley Reid
81%
Goal Assists 1.5 Bulldogs Ed Richards
78%
Behinds 1.8 Port Adelaide Mitch Georgiades
72%
Handballs 17.7 Carlton George Hewett
69%
Effective Disposals 23.2 GWS Lachie Whitfield
67%
Rebound 50's 6.8 Fremantle Luke Ryan
64%
No matching quizzes found
Score Distribution
Percent of People with Each Score
Percentile by Number Answered
Your Score History
You have not taken this quiz since the last reset